Orientarsi nella diversità Come gli insegnanti e i counsellor possono costruire un ambiente accogliente per giovani lesbiche e gay in un contesto multiculturale
Guardat en:
| Autor corporatiu: | , |
|---|---|
| Format: | Llibre |
| Idioma: | anglès |
| Publicat: |
Dusseldorf
Ministero della Sanità del Nordreno-Westfalia (Germania)
2004
|
| Etiquetes: |
Sense etiquetes, Sigues el primer a etiquetar aquest registre!
|
MARC
| LEADER | 00000nam a2200000 4500 | ||
|---|---|---|---|
| 005 | 20240605170246.0 | ||
| 008 | 240605b |||||||| |||| 00| 0 eng d | ||
| 040 | |c GP | ||
| 110 | |a Ministero della Sanità del Nordreno-Westfalia (Germania) | ||
| 245 | |a Orientarsi nella diversità |b Come gli insegnanti e i counsellor possono costruire un ambiente accogliente per giovani lesbiche e gay in un contesto multiculturale | ||
| 260 | |a Dusseldorf |b Ministero della Sanità del Nordreno-Westfalia (Germania) |c 2004 | ||
| 710 | |a Arcigay | ||
| 942 | |2 ddc |c BK |n 0 | ||
| 952 | |0 0 |1 0 |2 ddc |4 0 |6 371_000000000000000_ARC |7 1 |9 1346 |a RM |b RM |d 2024-06-05 |l 0 |o 371 ARC |p 178 |r 2024-06-05 17:03:08 |w 2024-06-05 |y BK | ||
| 999 | |c 1238 |d 1238 | ||